| 000 | 01441nam a22003855a 4500 | ||
|---|---|---|---|
| 999 |
_c2075 _d2075 |
||
| 003 | EG-ScBUE | ||
| 005 | 20200823102805.0 | ||
| 008 | 150817t2006 enkab f bd 001 0 eng d | ||
| 020 | _a9780321311955 | ||
| 020 | _a0321311957 | ||
| 020 | _a9780321311955 | ||
| 040 |
_aEG-ScBUE _beng _erda _cEG-ScBUE _dEG-ScBUE |
||
| 082 | 0 | 4 |
_a338.90091724 _bTOD _222 |
| 100 | 1 |
_aTodaro, Michael P., _eauthor. |
|
| 245 | 1 | 0 |
_aEconomic development / _cMichael P. Todaro, New York University and the Population Council, Stephen C. Smith, The George Washington University. |
| 250 | _aNinth edition. | ||
| 264 | 1 |
_aHarlow, England : _bPearson Education Limited, _c2006. |
|
| 300 |
_axxvii, 851 pages : _billustrations, maps ; _c24 cm. |
||
| 336 |
_2rdacontent _atext _btxt |
||
| 337 |
_2rdamedia _aunmediated _bn |
||
| 338 |
_2rdacarrier _avolume _bnc |
||
| 490 | 0 | _aThe Addison-Wesley series in economics | |
| 500 | _aIncludes glossary. | ||
| 504 | _aIncludes bibliographical references and index. | ||
| 590 | _aMenna Elemam | ||
| 650 | 7 |
_aEconomic development. _2BUEsh |
|
| 650 | 7 |
_aEconomic history _2BUEsh |
|
| 650 | 7 |
_aEconomic policy. _2BUEsh |
|
| 650 | 7 |
_aDeveloping countries _2BUEsh |
|
| 653 |
_bBUSECO _cAugust2015 |
||
| 655 |
_vReading book _934232 |
||
| 700 | 1 |
_aSmith, Stephen C., _d1955- _eauthor. |
|
| 856 | 4 | 1 |
_3Table of contents _uhttp://www.loc.gov/catdir/toc/ecip0511/2005011342.html |
| 942 |
_cBB _k338.90091724 TOD _2ddc |
||